|
|
|
|
| LEADER |
00730nam a22002052a 4500 |
| 001 |
001284334 |
| 003 |
CZ BrMZK |
| 005 |
20130319085741.0 |
| 007 |
ta |
| 008 |
130319s1973 xo er|||||||||||hun d |
| 040 |
|
|
|a ABA001
|b cze
|c ABA001
|d ABA001
|d BOA001
|
| 080 |
9 |
|
|a 894.511-343.4(081)=945.11
|
| 245 |
0 |
2 |
|a A királlyá válaszott kutya :
|b Állatmesék a világ minden tájárol /
|c Válogatta T. Aszodi Éva ; Szantó Piroska rajzaival
|
| 260 |
|
|
|a Bratislava :
|b Madách,
|c 1973
|
| 300 |
|
|
|a 282 s. :
|b il.
|
| 700 |
1 |
|
|a T. Aszódi, Éva
|7 jx20051124014
|4 oth
|
| 910 |
|
|
|a BOA001
|b 2-0699.957
|
| 990 |
|
|
|a BK
|
| 991 |
|
|
|b 201303
|
| 996 |
7 |
|
|b 2619667750
|c 2-0699.957
|l Sklad H1
|r Sklad / do 24 hodin
|n 0
|h HS212
|w 001318811
|u 000010
|a 1
|e BOA001
|j MZK50
|s A
|